000 00744nam a22002417a 4500
005 20170124110212.0
010 _aA-351764
020 _c180.00
_a8185070121
035 _aA-351764
037 _bCen Lib/Ret
040 _aDPL
_bEN
082 _a029
_bSHA
100 _aSharma, C. K
_91192
245 _aDocumentation information science and automation in libraries /
_cby C. K. Sharma [and] S. B. Arya
260 _aAgra
_bY. K. Publishers
_c1988
270 _a8, Parasuram Nagar, Shahganj
_bAgra
_e282010
300 _axiii,262p.
_c21cm(Hb)
500 _aIncludes index
650 _aLibrary science
_938342
650 _aInformation science
_938343
700 _aArya, S. B
_938331
942 _2ddc
_cEN
_h029
_mSHA
999 _c133580
_d133580